000 00500nam a2200169Ia 4500
999 _c18906
_d18906
082 _aTR.0278
100 _aRastogi, Sadhana
245 0 _aRao Maldev : Rajyakal 1588-1619 V.S.
260 _c1970
_bUniversity of Jodhpur
300 _a373p. + C D - 32
650 _aMARWAR - KINGS AND RULERS///RAO MALDEV - 1588-1619
650 _aRAO MALDEV - 1588-1619
650 _aMARWAR - HISTORY - 16TH CENTURY
650 _aMARWAR - HISTORY - 16TH CENTURY
710 _aSharma, Dasrath
942 _cTH
_2ddc